00565nam a2200169Ia 450000500170000000800410001702000130005808200130007110000140008424500460009826000370014430000240018150000720020594200060027795200970028399900150038020250528014200.0240331s9999 xx 000 0 und d a13919148 bPERa303 aPerera, S 0aPathitha :bsamaja sanskruthika sameeksha aColombobColombo Institutec2005 a302 p ., (2nd copy) aA book of Socio-Cultural surveys, colonialism & postcolonial memory cL 001040708LaWERCLbWERCLcSSCd2024-03-31l0o 303.6 PERp5547r2024-03-31w2024-03-31yL c1389d1389